You Be the Web Doctor: Diagnose These Symptoms - Statistics

General Stats
  • This quiz has been taken 111 times
  • The average score is 12 of 22
Answer Stats
Symptoms Condition % Correct
Cramps, bloating, inability to digest sugar in milk Lactose Intolerance
87%
Fear of water, drooling, recently bitten Rabies
81%
Chills, hot flashes, thinning hair, irregular periods Menopause
77%
Itchy head, white flakes on shoulders Dandruff
69%
Brief, stabbing headache after quickly eating something very cold Ice Cream Headache
68%
Day or night nausea and/or vomiting soon after becoming pregnant Morning Sickness
66%
Paranoia, hallucinations, but no drug use Schizophrenia
63%
Diarrhea, fatigue, mouth ulcers after eating wheat products Celiac Disease
61%
Red skin, pain, hot to the touch, peeling, exposure to ultraviolet light Sunburn
61%
Bad breath, bleeding gums Gingivitis
60%
Tics of the head or neck starting as a child Tourette's Syndrome
60%
Body spasms, stiff neck after open wound was exposed to dirt, dust, or animal feces Tetanus
52%
Sudden severe joint pain starting in the big toe Gout
49%
Squinting, headaches, objects far away appear blurry Nearsightedness
49%
Drooping of one side of the face, inability to blink Bell's Palsy
47%
Tingling or numbness in hand and arm after repetitive movements Carpal Tunnel Syndrome
43%
Involuntary contractions of the diaphragm followed by a sudden closure of vocal cords Hiccups
43%
Difficulty swallowing or speaking, facial weakness, ate canned food recently Botulism
38%
Bitter almond odor on breath Cyanide Poisoning
33%
Bowed legs, thickened ankles, muscle weakness in child Rickets
31%
White patches inside mouth Thrush
29%
Strawberry tongue, red rash, red lines on folds of skin, high temperature Scarlet Fever
26%
No matching quizzes found
Score Distribution
Percent of People with Each Score
Percentile by Number Answered
Your Score History
You have not taken this quiz